| 000 | 00979nam a22001817a 4500 | ||
|---|---|---|---|
| 999 |
_c62633 _d62633 |
||
| 003 | Ge_BSU | ||
| 005 | 20241224144349.0 | ||
| 008 | 241224s1941 ge ||||| |||| 00| 0 geo d | ||
| 041 | _ageo | ||
| 080 | _a611.013(075.3) : 597/599 ზ-15 | ||
| 100 |
_aზავარზინი, ა. _924025 |
||
| 245 |
_a ადამიანის და ხერხემლიან ცხოველების ემბრიოლოგიის მოკლე სახელმძღვანელო / _cა. ზავარზინი; რედ. ა. ლეჟავა. |
||
| 264 |
_aთბ. : _bსტალინის სახელობის სახ. უნ-ტის გამ-ბა, _c1941. |
||
| 300 |
_a264 გვ.; _bილ.; _c22 სმ. |
||
| 653 | _aადამიანის ემბრიოლოგია | ||
| 653 | _aხერხემლიანი ცხოველების ემბრიოლოგია | ||
| 942 |
_2udc _cᲬᲘᲒᲜᲘ |
||